The Subtle Art of Not Giving a F*ck; (Record no. 9371)

MARC details
000 -LEADER
fixed length control field 00433nam a22001457a 4500
008 - FIXED-LENGTH DATA ELEMENTS--GENERAL INFORMATION
fixed length control field 230228b |||||||| |||| 00| 0 eng d
020 ## - INTERNATIONAL STANDARD BOOK NUMBER
International Standard Book Number 978-0-06-264154-0
082 ## - DEWEY DECIMAL CLASSIFICATION NUMBER
Classification number 158.1
100 ## - MAIN ENTRY--PERSONAL NAME
Personal name Mark Manson
245 ## - TITLE STATEMENT
Title The Subtle Art of Not Giving a F*ck;
Remainder of title a counterintuitive approach to living a good life
260 ## - PUBLICATION, DISTRIBUTION, ETC.
Name of publisher, distributor, etc. Harper,
Date of publication, distribution, etc. 2016
300 ## - PHYSICAL DESCRIPTION
Extent 212 p.
Dimensions 21.4 cm
942 ## - Added entry Elements (Koha)
Source of classification or shelving scheme Dewey Decimal Classification
Holdings
Withdrawn status Lost status Source of classification or shelving scheme Damaged status Not for loan Collection code Home library Current library Shelving location Date acquired Serial Enumeration / chronology Total Checkouts Total Renewals Full call number Barcode Date last seen Date last checked out Price effective from Koha item type
    Dewey Decimal Classification     Popular Collection RTC Library RTC Library Popular Collection 28/02/2023 177054 16 7 158.1 MAN 30018164 21/04/2026 16/03/2026 28/02/2023 Main
Royal Thimphu College || All Right Reserved